| 000 | 01329cam a2200385 i 4500 | ||
|---|---|---|---|
| 001 | 20951335 | ||
| 003 | OSt | ||
| 005 | 20260702134346.0 | ||
| 008 | 190426s2019 nyuab 000 1 eng | ||
| 010 | _a 2019020502 | ||
| 020 |
_a9781838851170 _qpaperback |
||
| 035 | _a20951335 | ||
| 040 |
_aDLC _beng _cDLC _erda _dDLC |
||
| 042 | _apcc | ||
| 043 | _af-et--- | ||
| 050 | 0 | 0 |
_aPS3613.E48 _bS53 2019 |
| 082 | 0 | 0 |
_a813/.6 _223 |
| 100 | 1 |
_aMengiste, Maaza, _eauthor. |
|
| 245 | 1 | 4 |
_aThe shadow king : _ba novel / _cMaaza Mengiste. |
| 264 | 1 |
_aGreat Britain : _bCanongate, _c[2019] |
|
| 300 |
_a428 pages : _c25 cm |
||
| 336 |
_atext _btxt _2rdacontent |
||
| 337 |
_aunmediated _bn _2rdamedia |
||
| 338 |
_avolume _bnc _2rdacarrier |
||
| 583 |
_aCataloguing: _c20260702 _kgtanuigtanui |
||
| 650 | 0 |
_aWorld War, 1939-1945 _xWomen _vFiction. |
|
| 650 | 0 |
_aWorld War, 1939-1945 _xCampaigns _zEthiopia _vFiction. |
|
| 655 | 7 |
_aHistorical fiction _2gsafd |
|
| 655 | 7 |
_aWar stories _2gsafd |
|
| 655 | 7 |
_aFiction. _2lcgft _0https://id.loc.gov/authorities/genreForms/gf2014026339 |
|
| 906 |
_a7 _bcbc _corignew _d1 _eecip _f20 _gy-gencatlg |
||
| 942 |
_2lcc _cBK |
||
| 999 |
_c21767 _d21766 |
||